Základní anorganický průmysl

Gespeichert in:
Bibliographische Detailangaben
1. Verfasser: Bulička, Milan
Format: Buch
Sprache:Tschechisch
Veröffentlicht: Praha Státní nakladatelství technické literatury 1968
Tags: Tag hinzufügen
Keine Tags, Fügen Sie das erste Tag hinzu!

MARC

LEADER 00000nam a2200000 4500
001 c122449
005 20221207071351.9
041 0 |a cze 
044 |a CZ 
245 1 0 |a Základní anorganický průmysl  |c Milan Bulička 
264 1 |a Praha  |b Státní nakladatelství technické literatury  |c 1968 
300 |a 679 s. 
100 1 |a Bulička, Milan